| 000 | 01881 a2200253 4500 | ||
|---|---|---|---|
| 001 | 43841 | ||
| 005 | 20260407155719.0 | ||
| 008 | 260407a2014 arg spa d | ||
| 003 | AR-UNSa-BCEJYS | ||
| 040 |
_aAR-UNSa-BCEJYS _bspa _cAR-UNSa-BCEJYS |
||
| 080 |
_a330.101.541 _xMacroeconomía |
||
| 245 | 1 | 0 | _aMacroeconomía |
| 020 | _a978-84-95348-94-4 | ||
| 250 | _a8a. ed. | ||
| 264 | 1 |
_aBarcelona : _bAntoni Bosch _c2014 |
|
| 300 |
_a859 p. _c24 cm. |
||
| 505 | _a1. La ciencia de la macroeconomía - 2. Los datos macroeconómicos - 3. La renta nacional: de dónde viene y adónde va - 4. El sistema monetario: qué es y cómo funciona - 5. La inflación: sus causas, sus efectos y sus costes sociales - 6. La economía abierta - 7. El paro - 8. El crecimiento económico I: la acumulación de capital y el crecimiento de la población - 9. El crecimiento económico II: la tecnología, el análisis empírico y la política económica - 10. Introducción a las fluctuaciones económicas - 11. La demanda agregada I: construcción del modelo IS-LM - 12. La demanda agregada II: aplicación del modelo IS-LM - 13. Reconsideración de la economía abierta: el modelo Mundell-Fleming y el sistema de tipos de cambio - 14. La oferta agregada y la disyuntiva a corto plazo entre la inflación y el paro - 15. Modelo dinámico de demanda y ofertas agregadas - 16. Comprender la conducta de los consumidores - 17. La teoría de la inversión - 18. Perspectiva alternativas sobre la política de estabilización - 19. La deuda pública y los déficit presupuestarios - 20. El sistema financiero: oportunidades y peligros - | ||
| 041 | _aspa | ||
| 942 | _cBK | ||
| 590 | _aniveau_biblio:m niveau_hierar:0 | ||
| 100 | 1 | _aMankiw, N. Gregory | |
| 700 | 1 | _aRabasco, María Esther | |
| 856 | 4 | 1 |
_uhttps://biblioeco.unsa.edu.ar/pmb/images/libros/L126763.jpg _yImagen de portada _qimage/jpeg |
| 999 |
_c3726 _d3726 |
||